Responses for show #5091 - Monday, October 30, 2006

Chris Mazurek game 3.

Contestants

Susan Turi, a social worker from Woodmere, New York

Monica Sousa, a junior high school teacher from Fremont, California

Chris Mazurek, an assistant professor from Columbia, Missouri (whose 2-day cash winnings total $37,000)

Jeopardy! Round responses

THE BODY HUMAN
DAVID SPADE & NEUTERED
ALSO A DEITY
ROYALLY LAST
FAST FOOD NATION
CROSSWORD CLUES "N"
    $200 8
capillaries

Monica
    $200 9
Saturday Night Live

Monica
    $200 21
iris

Monica
    $200 26
the Inca

Monica
    $200 2
McDonald's

Chris
    $200 1
nephew

Monica
    $400 12
the liver

Susan
    $400 10
no

Monica
    $400 22
Ishtar

Monica
    $400 27
Wilhelm II

Susan
    $400 5
the Whopper

Chris
    $400 3
nicotine

Chris
    $600 13
humerus

Monica
    $600 11
Just Shoot Me!

Susan
    $600 23
the Vulcans

Chris
    $600 28
(Monica: Who is Nicholas?)
(Alex: Be more specific. Which one?)
(Monica: The first?)
(Alex: No.)

Nicholas II

Monica
Triple Stumper
    $600 17
Taco Bell

Monica
    $600 4
nightmare

Monica
    $800 16
knuckles

Susan
    $800 14
Chris Farley

Chris
    $800 24
mercury

Chris
    $800 29
the Austro-Hungarian Empire

Chris
    $800 19
Quiznos

Monica
    $800 6
a niche

Chris
    $1000 15
hydrochloric acid

Triple Stumper
    $1000 18
the Police Academy series

Chris
    $1000 25
"Hercules"

Chris
    $1000 30
Lili'uokalani

Monica
    $1000 20
(Susan: What is Subway?)
(Alex: No. Chris or Monica? What are [*]? [*]. Chris thought of it, but too late.)

Blimpies

Susan
Triple Stumper
    $1,000 7
a nugget

Chris

Scores at the first commercial break (after clue 15):

Chris Monica Susan
$3,600 $2,200 $1,000

Scores at the end of the Jeopardy! Round:

Chris Monica Susan
$7,800 $4,800 $1,200

Double Jeopardy! Round responses

WELCOME TO OMAHA
BEST SCREENPLAY OSCARS
OPERA
"C"OLLEGES & UNIVERSITIES
CABINET CLEANING
SAME FIRST & LAST LETTER
    $400 26
(Girls and) Boys Town

Susan
    $400 3
(Alex: [Indicating a correct response] Enh. Enh.)

Sling Blade

Chris
    $400 1
Aida

Chris
    $400 2
Cambridge

Monica
    $400 21
(Suan: Who is Ramsey Clark?)

Bobby Kennedy

Susan
Triple Stumper
    $400 12
SquarePants

Chris
    $800 27
Omaha Steaks

Chris
    $800 8
Sideways

Monica
    $800 17
Wagner

Monica
    $800 4
Columbia

Susan
    $800 22
Madeleine Albright

Chris
    $800 13
a kayak

Chris
    $1200 28
the Union Pacific

Triple Stumper
    $1200 9
Fargo

Chris
    $1200 18
Orpheus

Chris
    $1,000 5
Carnegie Mellon

Susan
    $1200 23
Taft

Susan
    $1200 14
horseradish

Susan
    $1600 29
the Strategic Air Command

Chris
    $1600 10
Crash

Monica
    $1600 19
Manon

Susan
    $1600 6
Claremont

Susan
    $1600 24
John Foster Dulles

Susan
    $1600 15
ceramic

Triple Stumper
    $2000 30
a rainforest

Susan
    $2000 11
Traffic

Monica
    $2000 20
a leitmotif (a motif accepted)

Susan
    $2000 7
Cooper

Susan
    $2000 25
FDR

Susan
    $3,000 16
Andalusia

Susan

Scores at the end of the Double Jeopardy! Round:

Chris Monica Susan
$15,400 $10,400 $21,200

[wagering suggestions for these scores]

Final Jeopardy! Round responses

GEOGRAPHY
(Alex: [To Monica] At the Zambezi River--Botswana, Namibia, Zambia and Zimbabwe--those are the four countries. You are correct.)
MonicaWhat is Africa?
$801
ChrisWhat is Africa?
$15,398
SusanWhat is Europe?
$9,601
Africa

Final scores:

Chris Monica Susan
$30,798 $11,201 $11,599
3-day champion: $67,798 3rd place: $1,000 2nd place: $2,000

Game dynamics:

Coryat scores:

Chris Monica Susan
$15,400 $10,400 $20,400
20 R
(including 1 DD),
0 W
17 R,
1 W
17 R
(including 2 DDs),
2 W

Combined Coryat: $46,200

The J! Archive is created by fans, for fans. The Jeopardy! game show and all elements thereof, including but not limited to copyright and trademark thereto, are the property of Jeopardy Productions, Inc. and are protected under law. This website is not affiliated with, sponsored by, or operated by Jeopardy Productions, Inc. Join the discussion at JBoard.tv.